00389nam a2200133Ia 4500003000400000008004100004040001600045082002400061100003200085245007100117490002200188650001900210650002600229GCL140319s9999 xx 000 0 ara d aGCL / cGCL04aطb813.02bع أ1 aعاطف عبدالرشيد10aحكاية الثوب الجميل / cعاطف عبدالرشيد aاطفالناv004aالاطفال04aقصص الاطفال